[Event "Titled Tuesday intern op 23rd Apr Late"]
[Site "Chess.com INT"]
[Date "2024.04.23"]
[Round "11"]
[White "Gerbelli Neto, Eduardo"]
[Black "Merino Garcia, Rafael"]
[Result "1/2-1/2"]
[WhiteElo "2114"]
[BlackElo "2382"]
[PlyCount "168"]
[EventDate "2024.04.23"]
[EventType "swiss (blitz)"]
[EventRounds "11"]
[EventCountry "USA"]
[SourceTitle "CB18_2024"]
[SourceDate "2024.05.01"]
[SourceVersion "1"]
[SourceVersionDate "2024.05.01"]
[SourceQuality "2"]

1. e4 d6 2. Nc3 Nd7 3. f4 g6 4. Nf3 Bg7 5. Bc4 e6 6. 0-0 Ne7 7. d3 Nc5 8. d4 Nd7 9. Qe1 Nb6 10. Bd3 d5 11. e5 Nd7 12. Kh1 a6 13. b4 b6 14. Be3 c5 15. bxc5 bxc5 16. dxc5 Qc7 17. Na4 0-0 18. Nb6 Rb8 19. Nxd7 Bxd7 20. Qf2 Bb5 21. a4 Bc4 22. Nd4 Rb2 23. Rfb1 Rfb8 24. Bxc4 dxc4 25. Rxb2 Rxb2 26. Qe2 Nd5 27. Bc1 Rb8 28. Qxc4 Qa5 29. Nf3 Rb4 30. Qe2 Qxc5 31. Ba3 Qc3 32. Bxb4 Qxa1+ 33. Qe1 Qxa4 34. Bd2 Qxc2 35. g3 h6 36. Nd4 Qc4 37. Qf2 Bf8 38. Nf3 Bc5 39. Qe1 Qd3 40. Kg2 Qc2 41. Qc1 Qxc1 42. Bxc1 a5 43. Nd2 Nb6 44. Nb1 Nc4 45. Nc3 Nb6 46. Nb1 a4 47. Ba3 Bd4 48. Kf3 Nc4 49. Bb4 Bb2 50. Bc3 a3 51. Bxb2 a2 52. Nc3 Nxb2 53. Nxa2 Nd3 54. Ke4 Nf2+ 55. Kf3 Nd1 56. Ke2 Nb2 57. Kd2 Kg7 58. Nc3 Nc4+ 59. Kd3 Nb6 60. Ke4 g5 61. Ne2 Kg6 62. Nd4 Nc4 63. f5+ exf5+ 64. Nxf5 Nd2+ 65. Kd3 Kxf5 66. Kxd2 Kxe5 67. Ke3 Kf5 68. h3 h5 69. Kf3 Ke5 70. Ke3 f5 71. Kf3 g4+ 72. hxg4 fxg4+ 73. Ke3 Kd5 74. Kd3 Ke5 75. Ke3 Kf5 76. Kd3 h4 77. gxh4 g3 78. Ke3 Kg4 79. h5 Kxh5 80. Kf3 Kh4 81. Kg2 Kg4 82. Kg1 Kf3 83. Kf1 g2+ 84. Kg1 Kg3 1/2-1/2

[Event "Titled Tuesday intern op 16th Apr Late"]
[Site "Chess.com INT"]
[Date "2024.04.16"]
[Round "5"]
[White "Gerbelli Neto, Eduardo"]
[Black "Romanchuk, Viktor"]
[Result "1-0"]
[WhiteElo "2114"]
[BlackElo "2266"]
[PlyCount "49"]
[EventDate "2024.04.16"]
[EventType "swiss (blitz)"]
[EventRounds "11"]
[EventCountry "USA"]
[SourceTitle "CB17_2024"]
[SourceDate "2024.04.24"]
[SourceVersion "1"]
[SourceVersionDate "2024.04.24"]
[SourceQuality "1"]

1. e4 e6 2. d4 d5 3. Nc3 dxe4 4. Nxe4 Nd7 5. Nf3 Ngf6 6. Bd3 c5 7. c3 Nxe4 8. Bxe4 Nf6 9. Bc2 cxd4 10. Nxd4 Bc5 11. 0-0 Bxd4 12. cxd4 Bd7 13. Re1 Bc6 14. Qd3 0-0 15. Qh3 Qxd4 16. Bg5 h6 17. Bxh6 gxh6 18. Qxh6 Qg4 19. g3 Qg7 20. Qh4 Rfd8 21. Re5 Rd5 22. Rae1 Rad8 23. Bb3 Rxe5 24. Rxe5 Nh7 25. Qxd8+ 1-0

[Event "Titled Tuesday intern op 16th Apr Late"]
[Site "Chess.com INT"]
[Date "2024.04.16"]
[Round "6"]
[White "Reprintsev, Alexander"]
[Black "Gerbelli Neto, Eduardo"]
[Result "1-0"]
[WhiteElo "2241"]
[BlackElo "2114"]
[PlyCount "103"]
[EventDate "2024.04.16"]
[EventType "swiss (blitz)"]
[EventRounds "11"]
[EventCountry "USA"]
[SourceTitle "CB17_2024"]
[SourceDate "2024.04.24"]
[SourceVersion "1"]
[SourceVersionDate "2024.04.24"]
[SourceQuality "1"]

1. e4 e5 2. Nf3 Nc6 3. Bc4 Nf6 4. Ng5 d5 5. exd5 Nd4 6. c3 b5 7. Bf1 Nxd5 8. cxd4 Qxg5 9. Bxb5+ Kd8 10. 0-0 Bb7 11. Qf3 Rb8 12. Nc3 Nf4 13. Qg3 Qxg3 14. hxg3 exd4 15. gxf4 dxc3 16. dxc3 Bxg2 17. Rd1+ Bd6 18. Bc4 Bf3 19. Rd3 Be4 20. Rd4 Bg6 21. b3 h5 22. Ba3 Kd7 23. Rad1 Rb6 24. Bc5 h4 25. Bxb6 axb6 26. Bd3 Bh5 27. Bf5+ Ke7 28. R1d3 Kf6 29. Be4 Bxf4 30. Bf3 Bxf3 31. Rxf3 g5 32. a4 Kf5 33. Rc4 c5 34. a5 Kg4 35. Rfxf4+ gxf4 36. axb6 Kf3 37. Rxc5 Rg8+ 38. Kh1 Kxf2 39. b7 Rb8 40. Rc7 f5 41. c4 f3 42. c5 Kg3 43. Rg7+ Kf4 44. c6 Ke3 45. Re7+ Kf2 46. Re5 Rg8 47. c7 Rg1+ 48. Kh2 Rg2+ 49. Kh3 Rg1 50. Kxh4 Rh1+ 51. Kg5 Kg3 52. b8Q 1-0

[Event "Titled Tuesday intern op 02nd Apr Late"]
[Site "Chess.com INT"]
[Date "2024.04.02"]
[Round "6"]
[White "Gerbelli Neto, Eduardo"]
[Black "Bongo Akanga Ndjila, Barthelemy"]
[Result "1-0"]
[WhiteElo "2114"]
[BlackElo "1894"]
[PlyCount "71"]
[EventDate "2024.04.02"]
[EventType "swiss (blitz)"]
[EventRounds "11"]
[EventCountry "USA"]
[SourceTitle "CB15_2024"]
[SourceDate "2024.04.10"]
[SourceVersion "1"]
[SourceVersionDate "2024.04.10"]
[SourceQuality "1"]

1. e4 e6 2. d4 d5 3. Nc3 Nf6 4. e5 Nfd7 5. Nf3 c5 6. dxc5 Bxc5 7. Bd3 Nc6 8. Bf4 h6 9. Bg3 g5 10. 0-0 a6 11. Qe2 b5 12. a3 Ke7 13. Rad1 Bb6 14. Rfe1 Nc5 15. Be4 Nxe4 16. Nxe4 Kd7 17. Nf6+ Kc7 18. a4 b4 19. c4 d4 20. c5 Bxc5 21. Qc2 Bb6 22. a5 Ba7 23. Rc1 Bb7 24. Nd2 Rc8 25. Nde4 Kb8 26. Nd6 Rc7 27. Qd3 Ka8 28. Nxb7 Kxb7 29. Qc4 d3 30. Red1 Qd4 31. Ne4 Rd8 32. Nd6+ Ka8 33. Rxd3 Qxc4 34. Rxc4 Kb8 35. Kf1 Nxa5 36. Rxb4+ 1-0

[Event "Titled Tuesday intern op 12th Mar Late"]
[Site "Chess.com INT"]
[Date "2024.03.12"]
[Round "5"]
[White "Zhizmer, Yuri"]
[Black "Gerbelli Neto, Eduardo"]
[Result "1-0"]
[WhiteElo "2293"]
[BlackElo "2114"]
[PlyCount "99"]
[EventDate "2024.03.12"]
[EventType "swiss (blitz)"]
[EventRounds "11"]
[EventCountry "USA"]
[SourceTitle "CB12_2024"]
[SourceDate "2023.10.01"]
[SourceVersion "1"]
[SourceVersionDate "2023.10.01"]
[SourceQuality "1"]

1. f4 e5 2. d3 Nc6 3. e4 d5 4. exd5 Qxd5 5. Nc3 Bb4 6. Nf3 e4 7. Qe2 Nf6 8. Bd2 Bxc3 9. Bxc3 Bf5 10. Bxf6 gxf6 11. dxe4 Qxe4 12. Qxe4+ Bxe4 13. 0-0-0 0-0 14. Bd3 Rfe8 15. Bxe4 Rxe4 16. g3 Re2 17. Rhe1 Rf2 18. Rf1 Re2 19. Rd2 Rae8 20. Rf2 Rxf2 21. Rxf2 Nb4 22. a3 Nd5 23. Rd2 c6 24. c3 Re3 25. Nd4 Re1+ 26. Rd1 Rxd1+ 27. Kxd1 Ne3+ 28. Kc1 Nf1 29. Nf3 Kf8 30. Kc2 Ne3+ 31. Kd3 Nd5 32. c4 Nc7 33. Nd4 Ke7 34. Ke4 Ne6 35. Nf5+ Kd7 36. b4 a5 37. c5 axb4 38. axb4 Nc7 39. Nd6 Nd5 40. Nxb7 Nxb4 41. Kf5 Ke7 42. Nd6 Nd3 43. Ne4 h6 44. h3 h5 45. h4 Nc1 46. Nxf6 Ne2 47. Nxh5 f6 48. Kg6 Ke6 49. g4 Ke7 50. f5 1-0

[Event "Titled Tuesday intern op 27th Feb Late"]
[Site "Chess.com INT"]
[Date "2024.02.27"]
[Round "4"]
[White "Arauz Alonso, Fernando"]
[Black "Gerbelli Neto, Eduardo"]
[Result "1/2-1/2"]
[WhiteElo "2197"]
[BlackElo "2114"]
[PlyCount "121"]
[EventDate "2024.02.27"]
[EventType "swiss (blitz)"]
[EventRounds "11"]
[EventCountry "USA"]
[SourceTitle "CB10_2024"]
[SourceDate "2024.03.06"]
[SourceVersion "1"]
[SourceVersionDate "2024.03.06"]
[SourceQuality "1"]

1. Nf3 Nf6 2. g3 b5 3. Bg2 Bb7 4. 0-0 e6 5. d3 c5 6. b3 Be7 7. Bb2 0-0 8. c4 b4 9. Nbd2 d5 10. cxd5 exd5 11. Rc1 Qb6 12. Qc2 Nbd7 13. Rfe1 Rfe8 14. Qb1 a5 15. Ne5 Nxe5 16. Bxe5 a4 17. Qb2 axb3 18. axb3 Ra3 19. Ra1 Rea8 20. h3 Qa5 21. g4 Rxa1 22. Rxa1 Qxa1+ 23. Qxa1 Rxa1+ 24. Bxa1 Nd7 25. f4 Bd6 26. e3 Ba6 27. Bxd5 Bxd3 28. Kf2 Nb6 29. Be4 Bxe4 30. Nxe4 Be7 31. Nd2 f6 32. e4 Kf7 33. Ke3 Ke6 34. f5+ Kd7 35. g5 Kc6 36. g6 hxg6 37. fxg6 Kb5 38. Kd3 Bd6 39. Bxf6 Bf8 40. Bb2 Kc6 41. Nc4 Nc8 42. h4 Ne7 43. h5 Kd7 44. h6 gxh6 45. g7 Bxg7 46. Bxg7 h5 47. Bf6 Ng6 48. Ke3 Ke6 49. Bg5 h4 50. Kf3 h3 51. Kg3 Ne5 52. Nxe5 Kxe5 53. Be7 c4 54. Bxb4 cxb3 55. Kxh3 Kxe4 56. Ba3 Kd3 57. Bb2 Kc2 58. Bd4 Kb1 59. Be5 Ka2 60. Bd4 b2 61. Bxb2 1/2-1/2

[Event "Titled Tuesday intern op 27th Feb Late"]
[Site "Chess.com INT"]
[Date "2024.02.27"]
[Round "7"]
[White "Gerbelli Neto, Eduardo"]
[Black "Janaszak, Dawid"]
[Result "0-1"]
[WhiteElo "2114"]
[BlackElo "2308"]
[PlyCount "122"]
[EventDate "2024.02.27"]
[EventType "swiss (blitz)"]
[EventRounds "11"]
[EventCountry "USA"]
[SourceTitle "CB10_2024"]
[SourceDate "2024.03.06"]
[SourceVersion "1"]
[SourceVersionDate "2024.03.06"]
[SourceQuality "1"]

1. e4 c5 2. Nc3 Nc6 3. f4 e6 4. Nf3 d5 5. Bb5 Nge7 6. exd5 exd5 7. Qe2 f6 8. Bxc6+ bxc6 9. 0-0 Kf7 10. b3 Nf5 11. Qf2 c4 12. g4 Nh6 13. g5 Nf5 14. Bb2 Qb6 15. Na4 Qxf2+ 16. Kxf2 Bd6 17. gxf6 gxf6 18. Ng5+ Kg6 19. Nh3 Ba6 20. Rae1 cxb3 21. Rg1+ Kf7 22. axb3 Rhg8 23. Rxg8 Rxg8 24. Ra1 Bc8 25. Rg1 Re8 26. Re1 Rxe1 27. Kxe1 Nh4 28. Nf2 Nf3+ 29. Ke2 Nxh2 30. Ke3 h5 31. Bd4 a6 32. Nc5 h4 33. b4 Nf1+ 34. Ke2 Ng3+ 35. Kf3 Nf5 36. c3 Ne7 37. Ng4 Ng8 38. Nh2 Kg6 39. Nd3 Ne7 40. Nf2 Kh5 41. Bxf6 Nf5 42. Be5 Be7 43. Nhg4 Ng3 44. Nf6+ Kg6 45. Ne8 Nf1 46. Nd6 Bxd6 47. Bxd6 Nxd2+ 48. Kg2 Nc4 49. Be5 Nxe5 50. fxe5 Kf5 51. Kh3 Kxe5+ 52. Kxh4 Kf4 53. Nd3+ Ke3 54. Nc5 Kd2 55. Na4 Kc2 56. Kg5 Kb3 57. Nb6 Bh3 58. Kf6 Kxc3 59. Ke7 Kxb4 60. Kd6 d4 61. Nc4 Kxc4 0-1

[Event "Titled Tuesday intern op 27th Feb Late"]
[Site "Chess.com INT"]
[Date "2024.02.27"]
[Round "9"]
[White "Gerbelli Neto, Eduardo"]
[Black "Rose, Felix"]
[Result "0-1"]
[WhiteElo "2114"]
[BlackElo "2091"]
[PlyCount "90"]
[EventDate "2024.02.27"]
[EventType "swiss (blitz)"]
[EventRounds "11"]
[EventCountry "USA"]
[SourceTitle "CB10_2024"]
[SourceDate "2024.03.06"]
[SourceVersion "1"]
[SourceVersionDate "2024.03.06"]
[SourceQuality "1"]

1. e4 e5 2. Nf3 Nc6 3. d4 exd4 4. Bc4 Nf6 5. 0-0 Nxe4 6. Re1 d5 7. Nc3 dxc3 8. Bxd5 Be6 9. Bxe4 Bb4 10. b3 Qxd1 11. Bxc6+ bxc6 12. Rxd1 h6 13. Nd4 Bd5 14. a3 Be7 15. Re1 Kd7 16. Be3 Bf6 17. Rad1 Rhe8 18. b4 a6 19. Nb3 Re5 20. Nc5+ Kc8 21. Bf4 Re7 22. Be3 a5 23. b5 Rb8 24. a4 Bc4 25. Na6 Ra8 26. Bc5 Rxe1+ 27. Rxe1 Be6 28. f4 cxb5 29. axb5 c6 30. f5 Bd7 31. bxc6 Bxc6 32. Nb4 axb4 33. Bxb4 Kd7 34. Rd1+ Kc7 35. Rd3 Rd8 36. Rg3 Rd1+ 37. Kf2 Rd2+ 38. Ke3 Rxc2 39. Kd3 Rb2 40. Bxc3 Rb3 41. Kc4 Rxc3+ 42. Rxc3 Bxc3 43. Kxc3 Bxg2 44. Kd4 Kd6 45. Ke3 f6 0-1

[Event "Titled Tuesday intern op 27th Feb Late"]
[Site "Chess.com INT"]
[Date "2024.02.27"]
[Round "1"]
[White "Velikanov, Alexander"]
[Black "Gerbelli Neto, Eduardo"]
[Result "1-0"]
[WhiteElo "2387"]
[BlackElo "2114"]
[PlyCount "159"]
[EventDate "2024.02.27"]
[EventType "swiss (blitz)"]
[EventRounds "11"]
[EventCountry "USA"]
[SourceTitle "CB10_2024"]
[SourceDate "2024.03.06"]
[SourceVersion "1"]
[SourceVersionDate "2024.03.06"]
[SourceQuality "1"]

1. d4 d5 2. c4 c6 3. Nf3 Nf6 4. Qc2 e6 5. Nbd2 Nbd7 6. g3 Be7 7. Bg2 0-0 8. 0-0 h6 9. b3 Re8 10. Bb2 b6 11. e4 Ba6 12. Rfe1 dxe4 13. Nxe4 Bb7 14. Nxf6+ Bxf6 15. Ne5 Nxe5 16. dxe5 Be7 17. Rad1 Qc7 18. Rd3 Rad8 19. Red1 Rxd3 20. Rxd3 Rd8 21. f4 Bc5+ 22. Kf1 a5 23. Be4 Qe7 24. Qd2 Rxd3 25. Qxd3 g6 26. Ke2 Kh7 27. Kf3 h5 28. h3 Kh6 29. Bc1 Kg7 30. Bb2 Kh6 31. Bc3 Kg7 32. Be1 Bb4 33. Bf2 Bc5 34. Bxc5 Qxc5 35. Qd7 Qg1 36. Qxb7 Qf1+ 37. Ke3 Qe1+ 38. Kd3 Qb1+ 39. Kd4 Qb2+ 40. Ke3 Qc1+ 41. Kf2 Qd2+ 42. Kf3 Qc3+ 43. Ke2 Qxg3 44. Qxb6 Qxf4 45. Qxc6 Qxe5 46. Kd3 Qg3+ 47. Bf3 Qxh3 48. Qe4 Qf1+ 49. Qe2 Qb1+ 50. Qc2 Qf1+ 51. Be2 Qf5+ 52. Kd2 Qf4+ 53. Kd1 h4 54. c5 Qd4+ 55. Ke1 h3 56. Bf3 Qe3+ 57. Qe2 Qg1+ 58. Qf1 Qxc5 59. Qxh3 Qc1+ 60. Bd1 Qf4 61. Qf3 Qe5+ 62. Qe2 Qc3+ 63. Qd2 Qg3+ 64. Qf2 Qc3+ 65. Qd2 Qg3+ 66. Kf1 Qh3+ 67. Kg1 Qg3+ 68. Kf1 Qh3+ 69. Qg2 Qd3+ 70. Qe2 Qf5+ 71. Kg1 Qg5+ 72. Kf2 Qf4+ 73. Ke1 Qg3+ 74. Kd2 Qd6+ 75. Kc1 Qa3+ 76. Kb1 Qc5 77. Qc4 Qf2 78. Qc3+ f6 79. Qxa5 Qe1 80. Qxe1 1-0

[Event "Titled Tuesday intern op 13th Feb Late"]
[Site "Chess.com INT"]
[Date "2024.02.13"]
[Round "1"]
[White "Gerbelli Neto, Eduardo"]
[Black "Atanasov, Anthony"]
[Result "0-1"]
[WhiteElo "2114"]
[BlackElo "2384"]
[PlyCount "106"]
[EventDate "2024.02.13"]
[EventType "swiss (blitz)"]
[EventRounds "11"]
[EventCountry "USA"]
[SourceTitle "CB08_2024"]
[SourceDate "2024.02.21"]
[SourceVersion "1"]
[SourceVersionDate "2024.02.21"]
[SourceQuality "1"]

1. e4 e5 2. Nf3 Nf6 3. Nc3 Nc6 4. d4 exd4 5. Nxd4 Nxe4 6. Nxe4 Qe7 7. f3 d5 8. Bb5 Bd7 9. 0-0 dxe4 10. Bxc6 bxc6 11. fxe4 0-0-0 12. Qf3 f6 13. Nb3 Be6 14. Be3 Qb4 15. c3 Qa4 16. Nc5 Bxc5 17. Bxc5 Kb7 18. b3 Qb5 19. Qf2 Qd3 20. Rfe1 Qxc3 21. Rac1 Qd2 22. Bxa7 Qxf2+ 23. Bxf2 Rd2 24. Ra1 Ra8 25. a3 Bxb3 26. Reb1 Rd3 27. a4 Rad8 28. a5 Ka6 29. Rc1 Rd1+ 30. Rxd1 Rxd1+ 31. Rxd1 Bxd1 32. Be1 Bc2 33. e5 fxe5 34. Bc3 e4 35. Kf2 g6 36. Ke3 c5 37. g4 Kb5 38. h4 Bd3 39. h5 Ka4 40. h6 Kb3 41. Be5 c4 42. a6 c3 43. a7 c2 44. Kd2 e3+ 45. Kc1 e2 46. Bg3 Be4 47. Be1 c5 48. Bf2 g5 49. Be1 c4 50. Bf2 c3 51. Be1 Kc4 52. Bxc3 Kxc3 53. a8Q e1R# 0-1

[Event "Titled Tuesday intern op 13th Feb Late"]
[Site "Chess.com INT"]
[Date "2024.02.13"]
[Round "8"]
[White "Gerbelli Neto, Eduardo"]
[Black "Castellanos Gomez, Alejandro"]
[Result "1-0"]
[WhiteElo "2114"]
[BlackElo "2282"]
[PlyCount "77"]
[EventDate "2024.02.13"]
[EventType "swiss (blitz)"]
[EventRounds "11"]
[EventCountry "USA"]
[SourceTitle "CB08_2024"]
[SourceDate "2024.02.21"]
[SourceVersion "1"]
[SourceVersionDate "2024.02.21"]
[SourceQuality "1"]

1. e4 g6 2. Nc3 Bg7 3. f4 c6 4. Nf3 d5 5. d4 dxe4 6. Nxe4 Nf6 7. Nxf6+ Bxf6 8. c3 0-0 9. Bc4 a5 10. a4 Nd7 11. 0-0 Nb6 12. Bd3 Bg4 13. h3 Bxf3 14. Qxf3 e6 15. Qg4 c5 16. f5 exf5 17. Bxf5 cxd4 18. Bh6 Re8 19. Be4 dxc3 20. Bxb7 cxb2 21. Rad1 b1Q 22. Rxb1 Qd4+ 23. Kh1 Rab8 24. Qf3 Re6 25. Bd5 Rd6 26. Bf4 Be5 27. Bxe5 Qxe5 28. Qxf7+ Kh8 29. Bf3 Rf6 30. Qa7 Qe8 31. Rfe1 Qd8 32. Re7 Qg8 33. Rc1 Rxf3 34. gxf3 Qf8 35. Rxh7+ Kg8 36. Kg2 Nd5 37. Rd7 Rb2+ 38. Kg1 Ne3 39. Qxe3 1-0

[Event "Titled Tuesday intern op 13th Feb Late"]
[Site "Chess.com INT"]
[Date "2024.02.13"]
[Round "6"]
[White "Krzywda, Andrzej"]
[Black "Gerbelli Neto, Eduardo"]
[Result "0-1"]
[WhiteElo "2211"]
[BlackElo "2114"]
[PlyCount "90"]
[EventDate "2024.02.13"]
[EventType "swiss (blitz)"]
[EventRounds "11"]
[EventCountry "USA"]
[SourceTitle "CB08_2024"]
[SourceDate "2024.02.21"]
[SourceVersion "1"]
[SourceVersionDate "2024.02.21"]
[SourceQuality "1"]

1. e4 e5 2. Nf3 Nc6 3. Bb5 a6 4. Ba4 d6 5. 0-0 Bg4 6. h3 h5 7. Bxc6+ bxc6 8. d4 Qf6 9. Nbd2 Ne7 10. Re1 Bd7 11. Nc4 Ng6 12. a4 Qe6 13. b3 f6 14. Qd3 Be7 15. Ne3 Nf4 16. Qc4 g5 17. Qxe6 Bxe6 18. Bb2 g4 19. hxg4 hxg4 20. Nh2 Rg8 21. Nhf1 Kf7 22. Ng3 Rh8 23. Ngf5 Rh7 24. Ng3 Rah8 25. Rad1 Rh2 26. c4 Bc8 27. c5 R2h7 28. cxd6 Bxd6 29. Nc4 Ke7 30. dxe5 fxe5 31. Bxe5 Bxe5 32. Nxe5 Rh2 33. Nxc6+ Kf6 34. e5+ Kg6 35. Rd8 Rxg2+ 36. Kf1 Rhh2 37. Rg8+ Kf7 38. Ne4 Kxg8 39. Nf6+ Kf7 40. Nd8+ Ke7 41. Ne4 Bf5 42. f3 Kxd8 43. Rd1+ Ke7 44. Re1 Bxe4 45. Rxe4 Rh1# 0-1

[Event "Titled Tuesday intern op 06th Feb Late"]
[Site "Chess.com INT"]
[Date "2024.02.06"]
[Round "2"]
[White "Baziuk, Vladyslav"]
[Black "Gerbelli Neto, Eduardo"]
[Result "1-0"]
[WhiteElo "2211"]
[BlackElo "2114"]
[PlyCount "81"]
[EventDate "2024.02.06"]
[EventType "swiss (blitz)"]
[EventRounds "11"]
[EventCountry "USA"]
[SourceTitle "CB07_2024"]
[SourceDate "2024.02.14"]
[SourceVersion "1"]
[SourceVersionDate "2024.02.14"]
[SourceQuality "1"]

1. d4 d5 2. Nf3 Nf6 3. Bg5 e6 4. Nbd2 c5 5. e3 Nc6 6. c3 Be7 7. Bd3 0-0 8. Qc2 h6 9. h4 c4 10. Be2 Qc7 11. Bf4 Bd6 12. Bxd6 Qxd6 13. e4 dxe4 14. Nxe4 Nxe4 15. Qxe4 Qd5 16. Nd2 b5 17. Bf3 Qxe4+ 18. Nxe4 Rb8 19. Nc5 Ne7 20. b4 Nd5 21. Kd2 Rd8 22. a4 a6 23. axb5 axb5 24. Ra7 e5 25. Re1 exd4 26. Bxd5 Rxd5 27. Re8+ Kh7 28. cxd4 Rxd4+ 29. Kc3 Rxh4 30. Rc7 Ra8 31. Rcxc8 Ra2 32. Nd7 Kg6 33. Ne5+ Kf6 34. Rc7 Rh1 35. Rxf7+ Kg5 36. f4+ Kh4 37. Rxg7 Rc1+ 38. Kd4 Rd1+ 39. Kc5 c3 40. Nf3+ Kh5 41. g4# 1-0

[Event "Titled Tuesday intern op 06th Feb Late"]
[Site "Chess.com INT"]
[Date "2024.02.06"]
[Round "9"]
[White "Da Silva, Giovanni B Tavares"]
[Black "Gerbelli Neto, Eduardo"]
[Result "0-1"]
[WhiteElo "2016"]
[BlackElo "2114"]
[PlyCount "116"]
[EventDate "2024.02.06"]
[EventType "swiss (blitz)"]
[EventRounds "11"]
[EventCountry "USA"]
[SourceTitle "CB07_2024"]
[SourceDate "2024.02.14"]
[SourceVersion "1"]
[SourceVersionDate "2024.02.14"]
[SourceQuality "1"]

1. e4 e5 2. Nf3 Nc6 3. Bb5 a6 4. Ba4 d6 5. 0-0 Bg4 6. c3 Qf6 7. d3 Nge7 8. Nbd2 Ng6 9. h3 h5 10. Bxc6+ bxc6 11. Qa4 Bd7 12. Nh2 Nf4 13. Ndf3 g5 14. Bxf4 gxf4 15. Kh1 Be7 16. d4 exd4 17. Qxd4 c5 18. Qxf6 Bxf6 19. Rad1 0-0-0 20. Rfe1 Be6 21. Nf1 Kb7 22. N1d2 Rhg8 23. Re2 Be5 24. Rc1 Kc6 25. c4 Bxb2 26. Rb1 Rb8 27. Nb3 Bc3 28. Rc2 Be5 29. Re1 Rb4 30. Nxe5+ dxe5 31. Nd2 Rgb8 32. Nf3 f6 33. Rec1 Rb2 34. Kh2 Rxc2 35. Rxc2 Rb4 36. Nd2 a5 37. g3 fxg3+ 38. Kxg3 a4 39. Kh4 a3 40. Kxh5 Bxh3 41. Nb3 Be6 42. Kg6 Bxc4 43. Kxf6 Bxb3 44. axb3 Rxb3 45. Kxe5 Rb2 46. Rc3 a2 47. Ra3 Rxf2 48. Ke6 Kb5 49. e5 Kb4 50. Ra8 c4 51. Kd5 Rd2+ 52. Ke4 c3 53. Ke3 Rh2 54. e6 Rh6 55. Rxa2 Rxe6+ 56. Kd4 Kb3 57. Rh2 Rd6+ 58. Ke3 c2 0-1

[Event "Titled Tuesday intern op 06th Feb Late"]
[Site "Chess.com INT"]
[Date "2024.02.06"]
[Round "1"]
[White "Gerbelli Neto, Eduardo"]
[Black "Martinez Ramirez, Lennis"]
[Result "0-1"]
[WhiteElo "2114"]
[BlackElo "2442"]
[PlyCount "42"]
[EventDate "2024.02.06"]
[EventType "swiss (blitz)"]
[EventRounds "11"]
[EventCountry "USA"]
[SourceTitle "CB07_2024"]
[SourceDate "2024.02.14"]
[SourceVersion "1"]
[SourceVersionDate "2024.02.14"]
[SourceQuality "1"]

1. e4 c5 2. Nc3 e6 3. f4 Nc6 4. Nf3 d5 5. Bb5 Be7 6. d3 Qb6 7. exd5 exd5 8. Nxd5 Qd8 9. Bxc6+ bxc6 10. Nxe7 Nxe7 11. 0-0 c4 12. Ne5 cxd3 13. Qxd3 Qxd3 14. Nxd3 Bf5 15. Re1 f6 16. b3 Kf7 17. Ba3 Nd5 18. Rad1 Rhe8 19. Rxe8 Rxe8 20. c4 Nc3 21. Rd2 Nb1 0-1

[Event "Titled Tuesday intern op 23rd Jan Late"]
[Site "Chess.com INT"]
[Date "2024.01.23"]
[Round "10"]
[White "Gerbelli Neto, Eduardo"]
[Black "Nilsen, Tobias Lang"]
[Result "0-1"]
[WhiteElo "2114"]
[BlackElo "2207"]
[PlyCount "110"]
[EventDate "2024.01.23"]
[EventType "swiss (blitz)"]
[EventRounds "11"]
[EventCountry "USA"]
[SourceTitle "CB05_2024"]
[SourceDate "2024.01.31"]
[SourceVersion "1"]
[SourceVersionDate "2024.01.31"]
[SourceQuality "1"]

1. e4 e6 2. d4 d5 3. Nc3 Bb4 4. Nge2 Nc6 5. a3 Ba5 6. b4 Bb6 7. Be3 Nge7 8. e5 0-0 9. h4 Nf5 10. Ng3 Nxe3 11. fxe3 f6 12. exf6 Qxf6 13. Qd2 Nxd4 14. exd4 Bxd4 15. Nge2 Qf2+ 16. Kd1 Qxf1+ 17. Rxf1 Rxf1+ 18. Qe1 Rxe1+ 19. Kxe1 Bf6 20. g3 c6 21. Rd1 e5 22. Kf2 Bg4 23. Re1 Rf8 24. Kg2 e4 25. Nd1 Be5 26. c3 b6 27. Nd4 Bxd4 28. cxd4 Bxd1 29. Rxd1 b5 30. Rc1 Rf6 31. Rc3 Kf7 32. g4 Ke7 33. g5 Re6 34. Kf2 Kd6 35. a4 bxa4 36. Ke3 Re7 37. Ra3 Rb7 38. Rxa4 h6 39. Ra6 hxg5 40. hxg5 Rxb4 41. Rxa7 Rb3+ 42. Kf4 Rf3+ 43. Kg4 Rf8 44. g6 e3 45. Ra3 Re8 46. Ra1 Re4+ 47. Kf3 Rxd4 48. Ra7 Re4 49. Ke2 Re7 50. Ra8 Kc5 51. Rf8 d4 52. Rf7 Kd6 53. Kd3 Rxf7 54. gxf7 Ke7 55. Kxd4 e2 0-1